| 000 | 00980nam a22003137a 4500 | ||
|---|---|---|---|
| 001 | BR7602713 | ||
| 003 | BR-BrBNA | ||
| 005 | 20230928084954.0 | ||
| 007 | ta | ||
| 008 | 230509b bl.||||| |||| 00| 0 por d | ||
| 040 |
_aBR-BrBNA _bpor _cBiblioteca Nacional de Agricultura |
||
| 041 | _a(Por) | ||
| 072 |
_aE30 _b/G514 |
||
| 090 | _ E30 BR7602713 | ||
| 110 | 1 |
_aEmpresa Brasileira de Pesquisa Agropecuaria, Brasilia, DF _93834 |
|
| 245 | 1 | _aProjeto de implantacao da UEPAE - Quissama-SE [Unidade de Execucao de Pesquisa de Ambito Estadual; Sergipe; Brasil] | |
| 260 | 3 |
_a[np](Brasil): _c[nd]. |
|
| 300 | _a47 p. | ||
| 500 | _a20 tables; 12 illus.; Published after 1975 | ||
| 650 | _aProjeto de desenvolvimento | ||
| 650 | _aDesenvolvimento agricola | ||
| 650 | _aAdministracao publica | ||
| 650 | _aProducao vegetal | ||
| 650 | _aProducao animal | ||
| 650 | _aInstituicao agricola | ||
| 650 | _aSergipe | ||
| 909 |
_a202309 _bLucia _c55 _dLucia Elande |
||
| 942 | _cBK | ||
| 999 |
_c22187 _d22187 |
||